000 00497nam a2200193Ia 4500
005 20250423101731.0
008 250422s9999 xx 000 0 und d
020 _a9789350143575
050 _aTJ 1160 .N37/
100 _aNarula, Virender
245 0 _aWorkshop technology: including workshop practice tools & exercise
250 _a3rd ed.
260 _aNew Delhi
260 _bS.K. Katson
260 _c2013
300 _a318 p
650 _aMachine-shop practice.
942 _cBK
999 _c37119
_d37119